| 000 | 01524cab a2200289 4500 | ||
|---|---|---|---|
| 001 | ABS58916 | ||
| 008 | 090401t1998 xxu||||| |||| 00| 0 eng d | ||
| 035 | _a(Sirsi) u86930 | ||
| 041 | _aeng | ||
| 100 | _aGood, B. | ||
| 245 | _aAround the Courts | ||
| 260 | _c1998 | ||
| 350 | _a0 | ||
| 490 |
_aJournal of the Institute of Rating Officers _v29(2) June 1998, 7-8(2) |
||
| 520 | _aDiscusses three recent cases concerning the legal requirement for the assessment and registration of a fair rent, all of which involved committees of the London Rent Assessment Panel and the same landlord. "Northumberland and Durham Property Trust Ltd v London Rent Assessment Committee and Bullock", "Northumberland and Durham Property Trust Ltd v Chairman of London Rent Assessment Committee and Borkowski" and "Northumberland and Durham Property Trust Ltd v Chairman of London Rent Assessment Committee and Cowdery and Neild". | ||
| 650 | _aFAIR RENTS | ||
| 650 | _aMARKET EVIDENCE | ||
| 650 | _aNORTHUMBERLAND AND DURHAM PROPERTY TRUST LTD V LONDON RENT ASSESSMENT COMMITTEE AND BORKOWSKI | ||
| 650 | _aNORTHUMBERLAND AND DURHAM PROPERTY TRUST LTD V LONDON RENT ASSESSMENT COMMITTEE AND BULLOCK | ||
| 650 | _aNORTHUMBERLAND AND DURHAM PROPERTY TRUST LTD V LONDON RENT ASSESSMENT COMMITTEE AND COWDERY AND ANOTHER | ||
| 650 | _aOPEN MARKET RENT | ||
| 650 | _aR V SANDWELL MBC EX P WILKINSON | ||
| 650 | _aSCARCITY | ||
| 690 | _aLANDLORD AND TENANT-RESIDENTIAL TENANCIES-CASE LAW | ||
| 942 | _n0 | ||
| 948 | _c19/06/1998 | ||
| 999 |
_c54745 _d54745 |
||